000 00872nam a2200217Ia 4500
003 GCL
008 140319s9999 xx 000 0 ara d
040 _aGCL /
_cGCL
082 0 4 _a817.008
_bا ك
100 1 _aابن عربشاة : شهاب الدين ابو العباس احمد بن محمد بن عبدالله بن ابراهيم الدمشقى
245 1 0 _aكتاب فاكهة الخلفاء ومفاكهة الظرفاء /
_cابن عربشاة : شهاب الدين ابو العباس احمد بن محمد بن عبدالله بن ابراهيم الدمشقى
260 _a[S.N] :
_bدار صادر
300 _a521 رص
490 _a
650 0 4 _aالشعر العربى
650 0 4 _aالادب العربى
650 0 4 _aالنثر العربى
650 0 4 _aالنوادرالعربية
650 0 4 _aالمجموعات
942 _2ddc
_cBK
999 _c31378
_d31378